000 00702nam a2200229Ii 4500
003 JO-AjNU
008 230605s9999||||xx |||||||||||||| ||und||
017 _a2010/9/3554
020 _a978-9957-07-904-8
040 _aJO-AjNU
_bara
_erda
_cJO-AjNU
041 _aara
050 1 4 _aBF188.A7.A233.2011
100 3 _aعبد الصادق، فاتن صلاح,
_eauthor
_942935
245 0 0 _aالتجريب في علم النفس
250 _aط1
264 3 1 _aعمان:دار الفكر ناشرون وموزعون ، 2011
300 _a286ص
336 _atext
_btxt
_2rdacontent
337 _aunmediated
_bn
_2rdamedia
338 _avolume
_bnc
_2rdacarrier
650 4 _aعلم النفس
_942936
999 _aA18421
_c21989
_d21989